Statistics for 1980s Top 10 Hits - Chicago

Click here to take the quiz!

General Stats

  • This quiz has been taken 6 times
  • The average score is 4 of 8

Answer Stats

Month, Year, Chart PositionSong% Correct
November 1984, #3You’re the Inspiration
83%
July 1984, #3Hard Habit to Break
67%
May 1982, #1Hard to Say I’m Sorry
67%
September 1988, #1Look Away
50%
October 1986, #3Will You Still Love Me?
50%
November 1989, #5What Kind of Man Would I Be?
33%
May 1988, #3I Don’t Wanna Lie Without Your Love
17%
January 1989, #10You’re Not Alone
17%

Score Distribution

Percentile by Number Answered

Percent of People with Each Score

Your Score History

You have not taken this quiz